[Event "Karel Opocensky Memorial (13. Prague Festival)"]
[Site "Praha"]
[Date "2017.07.06"]
[Round "6.1"]
[White "Hrabusa, Matej"]
[Black "Sharashenidze, Akaki"]
[Result "1/2-1/2"]
[WhiteElo "2335"]
[BlackElo "2363"]
[Annotator ""]
[Source ""]
[Remark ""]

1.d4 d5 2.Bf4 e6 3.Nf3 c5 4.e3 Nc6 5.c3 Nf6 6.Nbd2 Be7 7.Ne5
Nxe5 8.dxe5 Nd7 9.h4 c4 10.Qg4 Kf8 11.h5 Rg8 12.Qd1 f6 13.Nf3
Nc5 14.g4 b5 15.h6 g5 16.exf6 Bxf6 17.Be5 Bxe5 18.Nxe5 Ne4 19.Rh3
Ke8 20.Bg2 Nf6 21.f4 Qb6 22.Qf3 Nd7 23.Nxd7 Bxd7 24.O-O-O b4
25.e4 Bc6 26.fxg5 Rf8 27.Qe3 Rf2 28.exd5 bxc3 29.Qxe6+ Kf8 30.Qd6+
Kg8 31.Qe6+ Kf8 1/2-1/2

[Event "Karel Opocensky Memorial (13. Prague Festival)"]
[Site "Praha"]
[Date "2017.07.06"]
[Round "6.2"]
[White "Frolov, Artur"]
[Black "Plat, Vojtech"]
[Result "1/2-1/2"]
[WhiteElo "2410"]
[BlackElo "2531"]
[Annotator ""]
[Source ""]
[Remark ""]

1.e4 c5 2.Nf3 Nc6 3.d4 cxd4 4.Nxd4 e6 5.Nc3 d6 6.Be3 Nf6 7.Bc4
Be7 8.Qe2 a6 9.O-O-O Qc7 10.Bb3 b5 11.Nxc6 Qxc6 12.Bd4 O-O 13.Nd5
Nxd5 14.exd5 Qe8 15.dxe6 Bxe6 16.Kb1 Bg5 17.Qh5 Bxb3 18.axb3
f6 19.Qf3 Rc8 20.Bc3 Qc6 21.Qd5+ Qxd5 22.Rxd5 Rfe8 23.g3 Rc6
24.f4 Bh6 25.Rhd1 Re2 26.Rxd6 Rxd6 27.Rxd6 Rxh2 28.Rxa6 Rh1+
29.Ka2 Rg1 30.f5 Rxg3 31.Bb4 Kf7 32.Ra7+ Ke8 33.Rb7 Bf4 34.Rxb5
h5 35.Rd5 h4 36.Bd6 Bxd6 37.Rxd6 Rg5 38.Rd4 Rh5 39.Rf4 h3 40.Rf1
Ke7 41.b4 Kd6 42.c4 h2 43.Rh1 Rh3 44.b3 Kc6 45.Kb2 Kb6 46.b5
Kc5 47.Kc2 Kb4 48.b6 Rc3+ 49.Kd1 Rxb3 50.Rxh2 Kxc4 51.Rg2 Rxb6
52.Rxg7 Kd3 53.Ke1 Ke3 54.Re7+ Kf4 55.Re6 Rb1+ 56.Kf2 Rb2+ 57.Re2
Rb3 58.Ra2 Kxf5 59.Ra4 Kg5 60.Rc4 Rh3 61.Kg2 Re3 62.Kf2 Re5 63.Ra4
f5 64.Rb4 Ra5 65.Rc4 Re5 66.Ra4 Re4 67.Rxe4 fxe4 68.Ke3 Kf5 69.Ke2
Kf4 70.Kf2 e3+ 71.Ke2 Ke4 72.Ke1 Kd3 73.Kd1 e2+ 74.Ke1 Ke3 1/2-1/2

[Event "Karel Opocensky Memorial (13. Prague Festival)"]
[Site "Praha"]
[Date "2017.07.06"]
[Round "6.3"]
[White "Tymrakiewicz, Rafal"]
[Black "Havelka, Josef"]
[Result "0-1"]
[WhiteElo "2256"]
[BlackElo "2326"]
[Annotator ""]
[Source ""]
[Remark ""]

1.d4 Nf6 2.Nf3 c5 3.c3 b6 4.Bf4 Bb7 5.e3 d6 6.Bc4 e6 7.O-O Nc6
8.Qe2 Be7 9.h3 O-O 10.Nbd2 a6 11.a4 Ra7 12.Rfe1 Re8 13.Bg3 Qa8
14.Ba2 h6 15.Rad1 d5 16.Bb1 c4 17.Ne5 Nxe5 18.dxe5 Nh7 19.f4
Bc6 20.Bc2 f5 21.Nf3 g5 22.Nd4 Bc5 23.Qh5 Bxd4 24.Rxd4 Kg7 25.fxg5
hxg5 26.h4 Rh8 27.hxg5 Nf8 28.Qd1 Ng6 29.Kf2 b5 30.b3 cxb3 31.Bxb3
Rc7 32.axb5 Bxb5 33.c4 dxc4 34.Bxc4 Bxc4 35.Rd7+ Rxd7 36.Qxd7+
Kg8 37.Rc1 Rh7 38.Qd6 Qd5 39.Qb4 Bb5 40.Rc8+ Kf7 41.Rc7+ Bd7
42.Qa4 Kg8 43.Qxa6 Rh1 44.Rc2 Bb5 45.Qc8+ Nf8 46.Bf4 Qd1 0-1

[Event "Karel Opocensky Memorial (13. Prague Festival)"]
[Site "Praha"]
[Date "2017.07.06"]
[Round "6.4"]
[White "Plischki, Sebastian"]
[Black "Teh Eu Wen, Aron"]
[Result "1-0"]
[WhiteElo "2376"]
[BlackElo "2276"]
[Annotator ""]
[Source ""]
[Remark ""]

1.Nf3 d5 2.c4 e6 3.b3 d4 4.g3 c5 5.Bg2 Nc6 6.O-O g6 7.d3 Bg7
8.Na3 Nge7 9.Nc2 O-O 10.a3 a5 11.Rb1 Qc7 12.b4 axb4 13.axb4 cxb4
14.Nxb4 Bd7 15.Nc2 Nf5 16.Ba3 Rfd8 17.Qc1 h5 18.Nd2 Bh6 19.Qd1
Na5 20.Ne4 Ba4 21.Bc1 Bf8 22.Bf4 e5 23.Bg5 Be7 24.Bxe7 Qxe7 25.Rb2
Nd6 26.Nxd6 Rxd6 27.Qd2 Bc6 28.Ra1 Bxg2 29.Kxg2 Rda6 30.Rab1
Qd8 31.Nb4 Re6 32.Nd5 e4 33.Qf4 Rc8 34.Rb5 exd3 35.exd3 Nc6 36.Rxb7
Qf8 37.R1b6 Nd8 38.Rb8 Nc6 39.Rxc8 Qxc8 40.h4 Kg7 41.Qc7 Qe8
42.Rb7 Re1 43.Nf4 Ne5 44.Rb8 Qa4 45.Ne6+ Kh7 46.Ng5+ Kg7 47.Qd8 1-0

[Event "Karel Opocensky Memorial (13. Prague Festival)"]
[Site "Praha"]
[Date "2017.07.06"]
[Round "6.5"]
[White "Londyn, Radek"]
[Black "Rous, Daniel"]
[Result "1-0"]
[WhiteElo "2431"]
[BlackElo "2220"]
[Annotator ""]
[Source ""]
[Remark ""]

1.d4 Nf6 2.Bf4 g6 3.Nc3 d5 4.e3 Bg7 5.Nb5 Na6 6.h3 O-O 7.Bd3
c5 8.c3 Bd7 9.a4 Qa5 10.h4 c4 11.Bc2 Bxb5 12.axb5 Qxb5 13.Rb1
Qc6 14.h5 Nxh5 15.Rxh5 gxh5 16.Qxh5 f5 17.Nf3 Qg6 18.Qh2 h5 19.Nh4
Qh7 20.Nxf5 Rxf5 21.g4 e6 22.gxf5 exf5 23.Ke2 Kf7 24.b4 Ke6 25.b5
Nc5 26.dxc5 Bxc3 27.Bb8 Qe7 28.Qf4 Rxb8 29.Qxf5# 1-0

[Event "Karel Opocensky Memorial (13. Prague Festival)"]
[Site "Praha"]
[Date "2017.07.07"]
[Round "7.1"]
[White "Rous, Daniel"]
[Black "Hrabusa, Matej"]
[Result "1/2-1/2"]
[WhiteElo "2220"]
[BlackElo "2335"]
[Annotator ""]
[Source ""]
[Remark ""]

1.d4 d5 2.c4 e6 3.Nf3 Nf6 4.Nc3 Bb4 5.cxd5 exd5 6.Bf4 c6 7.Qc2
Ne4 8.a3 Qa5 9.Bd2 Bxc3 10.bxc3 Bf5 11.Nh4 Be6 12.e3 Qd8 13.Nf3
Nd7 14.Bd3 Ndf6 15.O-O O-O 16.Be1 Rc8 17.Ne5 c5 18.f3 Nd6 19.Bh4
h6 20.Qe2 cxd4 21.cxd4 Bf5 22.Rac1 Bxd3 23.Qxd3 g5 24.Bg3 Kg7
25.Rfd1 Qe7 26.Be1 Rxc1 27.Rxc1 Rc8 28.Rxc8 Nxc8 29.Qc3 Nb6 30.Bd2
Ne8 31.Qd3 Nd7 32.h4 Nxe5 33.dxe5 Qe6 34.hxg5 hxg5 35.f4 Kg8
36.Bc3 Ng7 37.e4 dxe4 38.Qd8+ Kh7 39.Qxg5 Qb6+ 40.Kh2 Qe6 41.Qh4+
Kg8 42.Qd8+ Kh7 43.Qh4+ Kg8 44.Qd8+ Kh7 45.Qh4+ 1/2-1/2

[Event "Karel Opocensky Memorial (13. Prague Festival)"]
[Site "Praha"]
[Date "2017.07.07"]
[Round "7.2"]
[White "Teh Eu Wen, Aron"]
[Black "Londyn, Radek"]
[Result "0-1"]
[WhiteElo "2276"]
[BlackElo "2431"]
[Annotator ""]
[Source ""]
[Remark ""]

1.d4 d5 2.c4 e6 3.Nc3 a6 4.cxd5 exd5 5.Bf4 Nf6 6.e3 Bd6 7.Bg5
Be6 8.Bd3 Nbd7 9.Nge2 O-O 10.Qc2 h6 11.Bf4 Qe7 12.O-O b6 13.Rfd1
c5 14.dxc5 bxc5 15.Bxd6 Qxd6 16.Qa4 Rfb8 17.Qa3 Qe5 18.Na4 c4
19.Bc2 Bg4 20.f3 Be6 21.Qc3 Qc7 22.Rd2 Ne5 23.Rad1 Re8 24.Qd4
Rab8 25.Nac3 Kh8 26.Ba4 Re7 27.Nf4 Rd8 28.Nce2 Kg8 29.Kh1 Bd7
30.Bxd7 Rdxd7 31.Qc3 Qb7 32.Ng3 g6 33.Nge2 g5 34.Nh3 g4 35.Nhf4
gxf3 36.gxf3 d4 37.Nxd4 Nxf3 38.Nxf3 Qxf3+ 39.Rg2+ Ng4 40.Rdd2
Rxd2 41.Qxd2 Rxe3 42.Ne2 Kh7 43.Ng1 Qe4 44.h3 Rd3 45.Qe2 Ne3
46.Nf3 Rd1+ 47.Rg1 Rd3 48.Re1 Qd5 49.Qxe3 Rxe3 50.Rxe3 Qd1+ 51.Ng1
Qb1 52.b3 Qxa2 0-1

[Event "Karel Opocensky Memorial (13. Prague Festival)"]
[Site "Praha"]
[Date "2017.07.07"]
[Round "7.3"]
[White "Havelka, Josef"]
[Black "Plischki, Sebastian"]
[Result "1-0"]
[WhiteElo "2326"]
[BlackElo "2376"]
[Annotator ""]
[Source ""]
[Remark ""]

1.e4 c5 2.Nf3 Nc6 3.d4 cxd4 4.Nxd4 g6 5.Nc3 Bg7 6.Be3 Nf6 7.Bc4
O-O 8.Bb3 a6 9.f3 Qc7 10.Qd2 b5 11.O-O-O Bb7 12.g4 Na5 13.Bh6
Rac8 14.Bxg7 Kxg7 15.Kb1 b4 16.Nce2 Nxb3 17.axb3 Rfd8 18.Ng3
Kh8 19.g5 Ng8 20.f4 e5 21.fxe5 Qxe5 22.Qxb4 Bxe4 23.Nxe4 Qxe4
24.Rhf1 Rf8 25.Qd6 Qe7 26.Qxa6 Qxg5 27.Rxf7 Rxf7 28.Qxc8 Qg4
29.Rd3 Qg1+ 30.Ka2 Qxh2 31.Nf3 Qf2 32.Qc3+ Nf6 33.b4 Kg8 34.Ne5
Re7 35.Rf3 Qb6 36.Nxg6 Qa6+ 37.Kb1 hxg6 38.Rxf6 Re6 39.Rxe6 Qxe6
40.b5 g5 41.b3 g4 42.Qc7 Kf7 43.Ka2 Ke7 44.b6 Qd6 45.Qc4 Qxb6
46.Qxg4 Qa5+ 47.Kb2 Qe5+ 48.c3 Kd8 49.Qc4 Qh2+ 50.Ka3 Qg1 51.b4
Qa1+ 52.Kb3 Qd1+ 53.Kb2 Qd2+ 54.Ka3 Qc1+ 55.Ka4 Qa1+ 56.Kb5 Qg1
57.Qc5 Qg3 58.Ka6 Qg2 59.Kb6 Qg6+ 60.Ka7 Qc2 61.Qf8+ Kc7 62.Qb8+
Kc6 63.Qb6+ Kd5 64.Qc5+ Ke6 65.c4 d6 66.Qd5+ Kd7 67.Kb7 Qh7 68.Kb6
Qh2 69.Qf7+ Kd8 70.Kc6 Qh1+ 71.Qd5 1-0

[Event "Karel Opocensky Memorial (13. Prague Festival)"]
[Site "Praha"]
[Date "2017.07.07"]
[Round "7.4"]
[White "Plat, Vojtech"]
[Black "Tymrakiewicz, Rafal"]
[Result "1-0"]
[WhiteElo "2531"]
[BlackElo "2256"]
[Annotator ""]
[Source ""]
[Remark ""]

1.d4 Nf6 2.c4 g6 3.g3 Bg7 4.Bg2 O-O 5.Nc3 d6 6.Nf3 Nc6 7.O-O
a6 8.b3 Rb8 9.Bb2 Nd7 10.Qd2 e5 11.dxe5 Ncxe5 12.Nxe5 Bxe5 13.Rad1
b5 14.cxb5 axb5 15.Bc6 b4 16.Nd5 Bxb2 17.Qxb2 f6 18.Qd2 Ba6 19.Rfe1
Ne5 20.Nxb4 Rb6 21.Bg2 Kg7 22.Rc1 Rf7 23.f4 Ng4 24.Nd5 Rb8 25.h3
Nh6 26.e4 Bb7 27.Red1 Bxd5 28.Qxd5 Re7 29.Rc6 Nf7 30.a4 Rb4 31.Rd4
Qb8 32.Rxb4 Qxb4 33.Qc4 Qe1+ 34.Kh2 h5 35.Qc3 Qxc3 36.Rxc3 c5
37.Rc1 Ra7 38.Bf1 Kf8 39.Bc4 Ke7 40.Re1 Nd8 41.e5 dxe5 42.fxe5
f5 43.Rd1 Nb7 44.Rd5 Ra8 45.e6 Nd6 46.Rxc5 Nxc4 47.Rxc4 Kxe6
48.Rc6+ Ke5 49.h4 Rb8 50.Rc3 Kd4 51.Rf3 Kc5 52.Kg2 Kb4 53.Rd3
Rb6 54.Rd5 Kc3 55.Rb5 Rd6 56.a5 Rd1 57.a6 Ra1 58.Rb6 Ra3 59.b4
Kd4 60.Rxg6 f4 61.gxf4 Ke4 62.Re6+ Kf5 63.Re5+ Kxf4 64.Ra5 1-0

[Event "Karel Opocensky Memorial (13. Prague Festival)"]
[Site "Praha"]
[Date "2017.07.07"]
[Round "7.5"]
[White "Sharashenidze, Akaki"]
[Black "Frolov, Artur"]
[Result "1/2-1/2"]
[WhiteElo "2363"]
[BlackElo "2410"]
[Annotator ""]
[Source ""]
[Remark ""]

1.e4 c5 2.Nf3 Nc6 3.Bb5 g6 4.Bxc6 bxc6 5.O-O Bg7 6.c3 d6 7.h3
Nh6 8.d4 cxd4 9.cxd4 f6 10.Nc3 Nf7 11.Be3 O-O 12.Qd2 d5 13.Rfe1
Nd6 14.Bh6 Bxh6 15.Qxh6 dxe4 16.Nxe4 Nxe4 17.Rxe4 Bf5 18.Re3
Rf7 19.Qf4 Qd6 20.Qxd6 exd6 21.Rc1 1/2-1/2

[Event "Karel Opocensky Memorial (13. Prague Festival)"]
[Site "Praha"]
[Date "2017.07.08"]
[Round "8.1"]
[White "Hrabusa, Matej"]
[Black "Frolov, Artur"]
[Result "1-0"]
[WhiteElo "2335"]
[BlackElo "2410"]
[Annotator ""]
[Source ""]
[Remark ""]

1.d4 Nf6 2.Nf3 g6 3.Nbd2 d5 4.e3 Bg7 5.b4 O-O 6.c4 c6 7.a4 Nbd7
8.Bb2 Re8 9.Be2 e5 10.Nxe5 Nxe5 11.dxe5 Nd7 12.f4 f6 13.cxd5
fxe5 14.dxc6 bxc6 15.Qb3+ Kh8 16.Nc4 Qe7 17.O-O Rb8 18.fxe5 Rxb4
19.Qa3 Ba6 20.e6 Rxb2 21.exd7 Qxd7 22.Nxb2 Bxe2 23.Rf2 Ba6 24.Rd1
Qe6 25.Rfd2 Bh6 26.Rd8 Bxe3+ 27.Kh1 Bd4 28.Rxe8+ Qxe8 29.Nd3
Kg7 30.Qd6 Bf6 31.Re1 Qf8 32.Qxf8+ Kxf8 33.Re6 Kf7 34.Nc5 Bf1
35.Rxc6 Bd4 36.Rc7+ Kf6 37.Nb3 Be3 38.Rc3 1-0

[Event "Karel Opocensky Memorial (13. Prague Festival)"]
[Site "Praha"]
[Date "2017.07.08"]
[Round "8.2"]
[White "Tymrakiewicz, Rafal"]
[Black "Sharashenidze, Akaki"]
[Result "1/2-1/2"]
[WhiteElo "2256"]
[BlackElo "2363"]
[Annotator ""]
[Source ""]
[Remark ""]

1.d4 d5 2.Bf4 e6 3.e3 c5 4.c3 Nc6 5.Nf3 Nf6 6.Nbd2 Be7 7.h3 O-O
8.Bd3 b6 9.Qe2 c4 10.Bc2 b5 11.a3 Bb7 12.O-O Nb8 13.Rfe1 Nbd7
14.Ng5 h6 15.Ngf3 Nh5 16.Ne5 Nxf4 17.exf4 Bd6 18.g3 a5 19.Nxd7
Qxd7 20.Nf3 b4 21.Ne5 Qe7 22.Qh5 f5 23.Re3 Rf6 24.Rae1 Bc8 25.g4
fxg4 26.Nxg4 Rxf4 27.Qg6 Qg5 28.Qh7+ Kf8 29.Rg3 Rxf2 30.Kxf2
Qd2+ 31.Re2 Bxg3+ 32.Kxg3 Qxe2 33.Qh8+ Ke7 34.Qxg7+ Kd6 35.Qf8+
Kc7 36.Qc5+ Kb7 37.Qb5+ Kc7 38.Qc5+ Kb7 39.Qb5+ Kc7 40.Qc5+ Kb7
41.Qb5+ Kc7 42.Qc5+ 1/2-1/2

[Event "Karel Opocensky Memorial (13. Prague Festival)"]
[Site "Praha"]
[Date "2017.07.08"]
[Round "8.3"]
[White "Plischki, Sebastian"]
[Black "Plat, Vojtech"]
[Result "0-1"]
[WhiteElo "2376"]
[BlackElo "2531"]
[Annotator ""]
[Source ""]
[Remark ""]

1.Nf3 c5 2.c4 Nc6 3.d4 cxd4 4.Nxd4 e5 5.Nb5 d6 6.N1c3 a6 7.Na3
Nf6 8.g3 Be7 9.Bg2 O-O 10.O-O Be6 11.b3 Rc8 12.Nd5 Bxd5 13.cxd5
Nb8 14.Nc4 Nbd7 15.a4 b6 16.Bh3 Qc7 17.Ba3 b5 18.axb5 axb5 19.Ne3
g6 20.Qd3 Qb6 21.Rfc1 Nc5 22.Bxc5 Rxc5 23.b4 Rxc1+ 24.Rxc1 Ra8
25.Rc8+ Rxc8 26.Bxc8 Bf8 27.Nd1 e4 28.Qd2 Qc7 29.Ba6 Qb6 30.Bc8
Qb8 31.Bh3 Qc7 32.Ne3 Bh6 33.Qd4 Bg7 34.Bf1 h5 35.h4 Kf8 36.Bg2
Qc1+ 37.Bf1 Ke7 38.Kg2 Bh6 39.Nd1 Bd2 40.Qa7+ Kf8 41.Qb8+ Kg7
42.Qxd6 Qxd1 43.e3 Qf3+ 0-1

[Event "Karel Opocensky Memorial (13. Prague Festival)"]
[Site "Praha"]
[Date "2017.07.08"]
[Round "8.4"]
[White "Londyn, Radek"]
[Black "Havelka, Josef"]
[Result "0-1"]
[WhiteElo "2431"]
[BlackElo "2326"]
[Annotator ""]
[Source ""]
[Remark ""]

1.e4 c5 2.Nf3 Nc6 3.d4 cxd4 4.Nxd4 Nf6 5.Nc3 d6 6.Bg5 Bd7 7.f3
Rc8 8.Qd2 Nxd4 9.Qxd4 Qa5 10.Bd2 a6 11.Nd5 Qc5 12.Qxc5 Rxc5 13.Nxf6+
gxf6 14.Bd3 h5 15.b4 Rc8 16.a4 Bh6 17.f4 Rg8 18.O-O f5 19.b5
axb5 20.axb5 fxe4 21.Bxe4 Bxb5 22.Rfb1 Bc6 23.Bxc6+ bxc6 24.Rb7
Kf8 25.Ra5 c5 26.Raa7 Re8 27.Kf2 f5 28.Ra6 Rg6 29.Ra3 Rg4 30.Kf3
Kf7 31.Rd3 Rg6 32.Be1 Bg7 33.Bh4 Bf6 34.Bxf6 Rxf6 35.Rdb3 Re6
36.Rb8 Rxb8 37.Rxb8 Re4 38.Rb1 Rc4 39.Rb2 Ke6 40.g3 Kd5 41.Ke3
e6 42.Kd2 Rb4 43.Ra2 h4 44.Ra8 hxg3 45.hxg3 Rb1 46.Ra3 Rb4 47.Ke3
Re4+ 48.Kd2 Rd4+ 49.Ke2 e5 50.Ke3 e4 51.Ra8 Rc4 52.Kd2 Kd4 53.Re8
e3+ 54.Kd1 Ra4 55.g4 fxg4 56.f5 Ra1+ 57.Ke2 Rc1 0-1

[Event "Karel Opocensky Memorial (13. Prague Festival)"]
[Site "Praha"]
[Date "2017.07.08"]
[Round "8.5"]
[White "Rous, Daniel"]
[Black "Teh Eu Wen, Aron"]
[Result "1/2-1/2"]
[WhiteElo "2220"]
[BlackElo "2276"]
[Annotator ""]
[Source ""]
[Remark ""]

1.d4 Nf6 2.Nf3 d5 3.c4 e6 4.Nc3 Bb4 5.cxd5 exd5 6.Bf4 Ne4 7.Rc1
Nc6 8.Nd2 g5 9.Bg3 Nxg3 10.hxg3 Nxd4 11.e3 Bxc3 12.bxc3 Ne6 13.Qf3
Ng7 14.Nb3 Qd6 15.Bd3 g4 16.Qe2 Be6 17.O-O O-O 18.Rfd1 Rad8 19.c4
Qe7 20.cxd5 Rxd5 21.Qc2 Rfd8 22.Bxh7+ Kh8 23.Rxd5 Bxd5 24.Bd3
Bxb3 25.axb3 c6 26.Qc3 Qg5 27.Bc2 Kg8 28.Qb4 b6 29.Rd1 Ne6 30.Qe4
c5 31.Rxd8+ Nxd8 32.Bd1 f5 33.Qd5+ Nf7 34.Bc2 Qf6 35.Qxf5 Qa1+
36.Kh2 Qh8+ 37.Kg1 Qa1+ 38.Bb1 Kf8 39.Kf1 Ke7 40.Qe4+ Kf8 41.Ke2
Ne5 42.Qf5+ Ke7 43.f4 gxf3+ 44.gxf3 Nc6 45.Qg5+ Kd6 46.Be4 Qb2+
47.Kf1 Nb4 48.Qd8+ Ke6 49.g4 Kf7 50.Qd7+ Kf8 51.Qd6+ Kg7 52.g5
Qxb3 53.Qf6+ Kg8 54.Bf5 Qd1+ 55.Kg2 Qe2+ 56.Kg3 Qe1+ 57.Kg4 Qg1+
58.Kh3 Qh1+ 59.Kg3 Qg1+ 60.Kh4 Qf2+ 61.Kh5 Qh2+ 62.Kg4 Qg2+ 63.Kh5
Qh2+ 1/2-1/2

[Event "Karel Opocensky Memorial (13. Prague Festival)"]
[Site "Praha"]
[Date "2017.07.09"]
[Round "9.1"]
[White "Teh Eu Wen, Aron"]
[Black "Hrabusa, Matej"]
[Result "1/2-1/2"]
[WhiteElo "2276"]
[BlackElo "2335"]
[Annotator ""]
[Source ""]
[Remark ""]

1.d4 d5 2.c4 c6 3.cxd5 cxd5 4.Nc3 Nf6 5.Bf4 Nc6 6.e3 a6 7.Bd3
Bg4 8.Nge2 e6 9.Rc1 Bd6 10.f3 Bh5 11.O-O O-O 12.Na4 Bg6 13.Bxd6
Qxd6 14.Nc5 Rab8 15.Nf4 Na5 16.Nxg6 hxg6 17.Qa4 Qb6 18.b4 Nc6
19.Rb1 e5 20.b5 axb5 21.Bxb5 exd4 22.exd4 Qc7 23.Bxc6 bxc6 24.Qc2
Qf4 25.Qc3 Rxb1 26.Rxb1 Re8 27.Nd3 1/2-1/2

[Event "Karel Opocensky Memorial (13. Prague Festival)"]
[Site "Praha"]
[Date "2017.07.09"]
[Round "9.2"]
[White "Havelka, Josef"]
[Black "Rous, Daniel"]
[Result "1-0"]
[WhiteElo "2326"]
[BlackElo "2220"]
[Annotator ""]
[Source ""]
[Remark ""]

1.e4 c5 2.Nf3 d6 3.d4 cxd4 4.Qxd4 a6 5.c4 Nc6 6.Qe3 Nf6 7.h3
g6 8.Be2 Bg7 9.Nc3 Nd7 10.O-O Nc5 11.Rb1 f5 12.b4 Nxe4 13.Nxe4
fxe4 14.Nd2 Nd4 15.Bb2 Nxe2+ 16.Qxe2 O-O 17.Bxg7 Kxg7 18.Rb3
b5 19.Qxe4 Bf5 20.Qe3 Qd7 21.Re1 e5 22.c5 Rae8 23.g4 Be6 24.Rd3
Bxa2 25.Rxd6 Qf7 26.Ne4 a5 27.bxa5 b4 28.Rb6 Rb8 29.Nd6 Qd5 30.Qxe5+
Qxe5 31.Rxe5 b3 32.Re2 Rxb6 33.axb6 Rf4 34.c6 Rb4 35.c7 b2 36.Rxb2 1-0

[Event "Karel Opocensky Memorial (13. Prague Festival)"]
[Site "Praha"]
[Date "2017.07.09"]
[Round "9.3"]
[White "Plat, Vojtech"]
[Black "Londyn, Radek"]
[Result "1-0"]
[WhiteElo "2531"]
[BlackElo "2431"]
[Annotator ""]
[Source ""]
[Remark ""]

1.d4 d5 2.c4 e6 3.Nc3 a6 4.cxd5 exd5 5.Bf4 c6 6.e3 Bd6 7.Bg3
Ne7 8.Bd3 Bf5 9.Nf3 Bxg3 10.hxg3 Nd7 11.Qc2 Bxd3 12.Qxd3 Qb6
13.O-O-O h6 14.e4 O-O-O 15.exd5 Nxd5 16.Nxd5 cxd5 17.Rhe1 Rhe8
18.Qf5 Qc6+ 19.Kb1 Qg6 20.Nh4 Qxf5+ 21.Nxf5 Rxe1 22.Rxe1 Nf6
23.Nxg7 Ne4 24.Re2 Nd6 25.Re5 Ne4 26.Rf5 Rd7 27.Ne8 Re7 28.Nf6
Nxf6 29.Rxf6 Kd7 30.a3 Re1+ 31.Ka2 Ke7 32.Rb6 Re2 33.Rxb7+ Ke6
34.Rb6+ Kf5 35.Rxa6 Rxf2 36.Rxh6 Rxg2 37.a4 Ke4 38.a5 Kxd4 39.Rc6
Rxg3 40.b4 f5 41.a6 Rg8 42.b5 Ra8 43.Kb3 f4 44.Kb4 f3 45.Rf6
Ke4 46.Ka5 d4 47.b6 d3 48.b7 Rd8 49.a7 Rd5+ 50.Kb6 d2 51.b8Q 1-0

[Event "Karel Opocensky Memorial (13. Prague Festival)"]
[Site "Praha"]
[Date "2017.07.09"]
[Round "9.4"]
[White "Sharashenidze, Akaki"]
[Black "Plischki, Sebastian"]
[Result "1/2-1/2"]
[WhiteElo "2363"]
[BlackElo "2376"]
[Annotator ""]
[Source ""]
[Remark ""]

1.e4 c5 2.Nf3 d6 3.Bb5+ Bd7 4.Bxd7+ Qxd7 5.c4 e5 6.Nc3 Nc6 7.d3
Be7 8.O-O Bd8 9.Ne1 Nge7 10.Nc2 O-O 11.f4 exf4 12.Bxf4 f5 13.Qh5
Ba5 14.Nd5 Nxd5 15.cxd5 Ne7 16.Ne3 fxe4 17.dxe4 Bd2 18.Qe2 Bxe3+
19.Qxe3 Ng6 20.Bg3 Rxf1+ 21.Rxf1 Re8 22.h3 Qe7 23.Qf3 Rf8 24.Qg4
Rxf1+ 25.Kxf1 Ne5 26.Bxe5 Qxe5 27.Qc8+ Kf7 28.Qxb7+ Kf6 29.Qd7
Qf4+ 30.Kg1 Qe3+ 31.Kh1 Ke5 1/2-1/2

[Event "Karel Opocensky Memorial (13. Prague Festival)"]
[Site "Praha"]
[Date "2017.07.09"]
[Round "9.5"]
[White "Frolov, Artur"]
[Black "Tymrakiewicz, Rafal"]
[Result "1-0"]
[WhiteElo "2410"]
[BlackElo "2256"]
[Annotator ""]
[Source ""]
[Remark ""]

1.e4 c6 2.d4 d5 3.Nd2 dxe4 4.Nxe4 Nf6 5.Nxf6+ gxf6 6.Qd3 Na6
7.c3 Qd5 8.Qg3 Bf5 9.Bxa6 bxa6 10.Ne2 h5 11.Nf4 Qe4+ 12.Qe3 e5
13.Qxe4 Bxe4 14.f3 Bf5 15.Ne2 h4 16.Be3 a5 17.O-O-O Rg8 18.g3
a4 19.gxh4 Rg2 20.Rd2 Rb8 21.dxe5 fxe5 22.Rg1 Rxg1+ 23.Nxg1 Rb7
24.Ne2 Be6 25.Bg5 Be7 26.Bxe7 Kxe7 27.a3 Bd5 28.f4 f6 29.fxe5
fxe5 30.Ng3 Rb8 31.Rf2 Ke6 32.h5 Rh8 33.Kd2 Ba2 34.Ke3 Bb1 35.Rd2
c5 36.c4 Rb8 37.Ne2 Ba2 38.Nc3 Bb3 39.Ne4 Rh8 40.Nxc5+ Kf5 41.Rf2+
Kg4 42.Nxb3 axb3 43.Ke4 Rc8 44.Kxe5 Rxc4 45.h6 Rc5+ 46.Kd4 Rh5
47.Kc4 Rh3 48.h7 Rxh7 49.Kxb3 1-0